000 01373 a2200253 4500
001 57446
005 20260407155836.0
008 260407a2022 arg spa d
003 AR-UNSa-BCEJYS
040 _aAR-UNSa-BCEJYS
_bspa
_cAR-UNSa-BCEJYS
080 _a35.077.3
_xProcedimiento administrativo (licitación pública...)
245 1 0 _aCurso de procedimiento administrativo
020 _a978-987-30-3338-4
250 _a2a. ed.
264 1 _aBuenos Aires :
_bRubinzal-Culzoni Editores
_c2022
300 _a515 p.
_c22 cm.
505 _a1. Evolución histórica. Concepto. Constitucionalidad – 2. Los principios del procedimiento administrativo – 3. La tramitación del expediente administrativo – 4. Las partes en el procedimiento administrativo – 5. Vista y acceso a la información – 6. La prueba de las facultades de la administración – 7. La notificación – 8. Los plazos en el procedimiento administrativo y el silencio de la administración – 9. Modos normales y anormales de conclusión del procedimiento administrativo – 10. Los remedios para corregir conductas administrativas
041 _aspa
942 _cBK
590 _aniveau_biblio:m niveau_hierar:0
100 1 _aAberastury, Pedro
700 1 _aCilurzo, María Rosa
856 4 1 _uhttps://biblioeco.unsa.edu.ar/pmb/images/libros/L128779.jpg
_yImagen de portada
_qimage/jpeg
999 _c6205
_d6205